Памятники мирового искусства (Запис номер 208705)
[ съкратено ]
| 000 -Лидер | |
|---|---|
| Контролно поле с фиксирана дължина | 02209nkm a2200409 c 4500 |
| 003 - Код на организацията, давaща контролен номер | |
| Контролно поле | BLK |
| 005 - Дата и час на последна редакция | |
| Контролно поле | 20200128125115.0 |
| 008 - Елементи от данни с фиксирана дължина | |
| fixed length control field | 180412b bul rap|r|||| r0| ||bulo| |
| 010 ## - Наследен системен номер | |
| LC control number | KNG00047707000 |
| 040 ## - Източник на каталожния запис | |
| Идентификатор на билиотеката - собственик на записа | BLK |
| 041 ## - Код за език | |
| Код за езика на текст/звукозапис или на отделно заглавие | Руски |
| Код за езика КДБФ | Руски |
| 080 ## - УДК | |
| Текстов определител УДК | Изкуство след епохата на Възраждането. Стилове и направления на ХІХ и ХХ в. |
| УДК код - определител по УДК | 7.035/.036 |
| УДК определител | (4) |
| УДК - код + определител | 7.035/.036(4) |
| 139 ## - Редно поле | |
| Редна дума | Памятники мирового искусства |
| Авторски знак | Пам - П 16 |
| 245 10 - Сведения за заглавието | |
| Заглавие | Памятники мирового искусства |
| Редно поле (дума) | авт. на том Лилия Степановна Алешина; Юрий Дмитриевич Колпинский; Елена Ивановна Марченко; Вероника Васильевна Стародубова. |
| Том | Вып. 6 |
| Заглавие на том | Европейское искусство ХІХ века 1789 - 1871 |
| 257 ## - Страна на издаване | |
| Страна на създаване/издаване | Русия |
| 260 ## - Област на издателските данни | |
| Име на издателя, разпространителя и проч. | Искусство |
| Година на издаване | 1967 - |
| Печатница | Ленинград : типогр. № 3 им. Ивана Федорова |
| 300 ## - Физическа характеристика | |
| Размери/Мащаб | 29 см |
| 380 ## - Жанр | |
| Жанр | Изкуство |
| 490 1# - СЕРИИ (Колекции) | |
| Име на серия | Серия первая |
| 500 ## - Общи забележки | |
| Забележка | Офс. изд. |
| 504 ## - Забележка за наличие на библиография и др | |
| Забележка за наличие на библиография и под. | LXX-LXXVIII |
| 650 #4 - Допълнително описание по предмет – тема | |
| Основно описание – тема или топоним | Изкуство - Европа |
| 9 (RLIN) | 249937 |
| 650 #4 - Допълнително описание по предмет – тема | |
| Основно описание – тема или топоним | Европа - изкуство |
| 9 (RLIN) | 292240 |
| 653 ## - Ключова дума – ненормативна | |
| Ключова дума | изкуство |
| 653 ## - Ключова дума – ненормативна | |
| Ключова дума | Европа |
| 653 ## - Ключова дума – ненормативна | |
| Ключова дума | история на изкуството |
| 700 1# - Други автори (авторска отговорност) | |
| Лично име | Алешина, Лилия Степановна |
| Автороска отговорност (Описва отношението между автора и произведението) | авт. на том |
| 9 (RLIN) | 386953 |
| 700 1# - Други автори (авторска отговорност) | |
| Лично име | Колпинский, Юрий Дмитриевич |
| 9 (RLIN) | 81605 |
| 700 1# - Други автори (авторска отговорност) | |
| Лично име | Марченко, Елена Ивановна |
| 9 (RLIN) | 386955 |
| 700 1# - Други автори (авторска отговорност) | |
| Лично име | Стародубова, Вероника Васильевна |
| 9 (RLIN) | 123984 |
| 760 1# - Описание на основната серия | |
| Място на издаване, издател и година | 1975 |
| Страници - том | 195 с., 179 л. : репрод., LXXVIII с. |
| Забележка - том | 76 000 тир. - Съдържа и Графические иллюстрации, Список иллюстраций, Указатель. - Библиогр. с. LXX-LXXVIII. |
| Заглавие | Вып. 6 Европейское искусство ХІХ века 1789 - 1871 |
| 856 4# - Електронен адрес и достъп | |
| Електронен формат | pdf - файл |
| Път до файла /url/ | |
| 856 4# - Електронен адрес и достъп | |
| Електронен формат | pdf - файл |
| Път до файла /url/ | |
| 999 ## - СИСТЕМНИ КОНТРОЛНИ НОМЕРА | |
| Koha biblionumber | 208705 |
| Koha biblioitemnumber | 208705 |
| 942 ## - АРТИКУЛИ | |
| Вид на библиотечния материал | Графични издания |
| Скрит в OPAC | Не |
| Периодичен библиозапис | Да |
| 944 ## - СЪЗДАВАНЕ И РЕДАКЦИЯ на ЗАПИСА | |
| Създаване/Редакция | Създаване |
| Дата на регистрацията/редакция | 07.07.2004 |
| Служител, извършил регистрацията/редакцията | Ирена_Линкова |
| 944 ## - СЪЗДАВАНЕ И РЕДАКЦИЯ на ЗАПИСА | |
| Създаване/Редакция | Редакция |
| Дата на регистрацията/редакция | 20.06.2014 |
| 999 ## - СИСТЕМНИ КОНТРОЛНИ НОМЕРА | |
| Koha biblioitemnumber | 208705 |
| Код за отписване | Код за изгубен артикул | Източник на класификационната схема | Код за повреда | Коз за рестрикции | Код за отдаване | Артикулен № | Име на библиотеката - собственик | Име на библиотеката, в която се намира в момента | Статус (Текущо местоположение) | Дата на вписване в системата | Местоположение - отдел | Цена в лева | Инвентарен номер | Систематично азбучна сигнатура | Баркод | Номер на екземпляра | Цена в евро | Служебна бележка | Служебен тип на артикула |
|---|---|---|---|---|---|---|---|---|---|---|---|---|---|---|---|---|---|---|---|
| Изтеглен | Не е изгубен | Universal Decimal Classification | Не е повреден | без рестрикции | ползва се в читалня | 359814 | Регионална библиотека "Любен Каравелов" Русе | Регионална библиотека "Любен Каравелов" Русе | Отдел Изкуство - читалня | 1975-01-01 | Отдел Изкуство - читалня | 0.00 | 207832 | ГрИ 7.03/П 16 | 207832 | 1 | 0.00 | Дост: Pk Вид: Ф N: стар фонд Дата: 01.01.1975 Дата инв: 03.06.2015 Бележки инв: ГрИ2015 | Графични издания |
| Не е изгубен | Universal Decimal Classification | Не е повреден | само за читалня | ползва се в читалня | 359815 | Регионална библиотека "Любен Каравелов" Русе | Регионална библиотека "Любен Каравелов" Русе | Хранилище | 1975-01-01 | Хранилище | 12.30 | 539953 | Цб II 24612 | 120000539953 | 2 | 6.29 | Дост: Pk Вид: Ф N: стар фонд Дата: 01.01.1975 | Графични издания |